000 00635nam a22001937a 4500
999 _c157908
_d157908
005 20181010112104.0
010 _aENG-124216
020 _a9789352806874
_c450.00
035 _aEN-107748
037 _bDBAD/PUB
082 0 0 _a658.45
100 _aJethwaney, Jaishri
245 1 0 _aCorporte communication:
_cby Jaishri Jethwaney
_bprinciples and practice /
260 _a New Delhi
_bSAGE Publications,
_c2018
270 _aB1/I-1 Mohan Cooperative Industrial Area, Mathura Road
_b New Delhi
_e110044
300 _axxiii,417p.(I-12p.)
_c24 cm.(pbk)
500 _aIt include index
942 _2ddc
_cEN
_h658.45
_mJET